| 000 | 00684nam a2200277Ia 4500 | ||
|---|---|---|---|
| 008 | 190123s9999 xx 000 0 und d | ||
| 020 | _a9780531212875 | ||
| 050 | _bO756 2015 | ||
| 100 | _aOrr, Tamra B. | ||
| 245 | 0 | _aAnimals helping to keep the peace / | |
| 245 | 0 | _cby Tamra B. Orr. | |
| 260 | _aNew York, New York : | ||
| 260 | _bChildren's Press, | ||
| 260 | _c2015 | ||
| 300 | _a48 pages : | ||
| 300 | _bcolored illustrations ; | ||
| 300 | _c22cm. | ||
| 440 | _aA true book. | ||
| 500 | _a960L | ||
| 650 | _aAnimals -- | ||
| 650 | _aAnimals in police work. | ||
| 650 | _aWorking animals. | ||
| 650 | _xWar use. | ||
| 700 | _aSeries. | ||
| 700 | _aTitle. | ||
| 999 |
_c361143 _d361143 |
||